PWHL Hockey Team Logos - Statistics

General Stats
  • This quiz has been taken 202 times
  • The average score is 4 of 6
Answer Stats
Picture Answer % Correct
Minnesota Frost
90%
Boston Fleet
82%
New York Sirens
77%
Ottawa Charge
65%
Toronto Sceptres
59%
Montreal Victorie
52%
No matching quizzes found
Score Distribution
Percent of People with Each Score
Percentile by Number Answered
Your Score History
You have not taken this quiz